Introducción a la química industrial

Guardat en:
Dades bibliogràfiques
Autor principal: Vian Ortuño, Angel (Autor)
Format: Llibre
Idioma:espanyol
Publicat: Barcelona Reverté 1994
Edició:2a. ed
Matèries:
Etiquetes: Afegir etiqueta
Sense etiquetes, Sigues el primer a etiquetar aquest registre!

MARC

LEADER 00000nam a2200000 a 4500
001 UCM5689
003 CL-VaPUC
008 021018e19940000SP |||||||||||||||||spa|d
020 |a 9788429179330 
082 0 4 |a 660  |b VIA  |2 21 
100 0 |a Vian Ortuño, Angel  |e author  |9 471767 
245 1 0 |a Introducción a la química industrial 
250 |a 2a. ed 
300 |a 636 p 
942 |c BK 
945 |d 20021018 00:00:00  |a vberengu 
260 |a Barcelona  |b Reverté  |c 1994 
650 0 |a Química industrial  |9 355322 
650 0 |a Energía   |9 259431 
650 0 |a Aire  |9 261540 
650 7 |a HIDROSFERA  |2 CL-VaPUC  |9 407459 
650 0 |a Agua  |9 257149 
650 0 |a Litósfera  |9 453836 
650 7 |a CARBON  |2 CL-VaPUC  |9 268755 
650 7 |a BIOSFERA  |2 CL-VaPUC  |9 264378 
650 7 |a PETROLEO  |2 CL-VaPUC  |9 320865 
583 |a last modification  |c 20021018 00:00:00  |k Rodrigo Vera 
999 |c 301549  |d 301547 
952 |0 0  |1 0  |4 0  |6 660_000000000000000_VIA_1994  |7 0  |8 A  |9 360634  |a BIBCUR  |b BIBCUR  |d 2019-11-21  |i 3848043  |o 660 VIA 1994  |p 3848043  |r 2025-04-22  |w 2019-11-21  |y BK  |k QUI 
952 |0 0  |1 0  |4 0  |6 660_000000000000000_VIA_1994  |7 0  |8 A  |9 360635  |a BIBCUR  |b BIBCUR  |d 2019-11-21  |i 4730321  |o 660 VIA 1994  |p 4730321  |r 2025-04-22  |w 2019-11-21  |y BK  |k QUI 
952 |0 0  |1 0  |4 0  |6 660_000000000000000_VIA_1994  |7 0  |8 A  |9 360636  |a BIBCUR  |b BIBCUR  |d 2019-11-21  |i 473033K  |o 660 VIA 1994  |p 473033K  |r 2025-04-22  |w 2019-11-21  |y BK  |k QUI 
952 |0 0  |1 0  |4 0  |6 660_000000000000000_VIA_1994  |7 0  |8 A  |9 360637  |a BIBCUR  |b BIBCUR  |d 2019-11-21  |i 4730348  |o 660 VIA 1994  |p 4730348  |r 2025-04-22  |w 2019-11-21  |y BK  |k QUI